Rainbow fish & friends : (Record no. 7578)
[ view plain ]
| 000 -LEADER | |
|---|---|
| fixed length control field | 01127nam a22003017a 4500 |
| 001 - CONTROL NUMBER | |
| control field | 7578 |
| 003 - CONTROL NUMBER IDENTIFIER | |
| control field | FISKH |
| 005 - DATE AND TIME OF LATEST TRANSACTION | |
| control field | 20250812142655.0 |
| 008 - FIXED-LENGTH DATA ELEMENTS--GENERAL INFORMATION | |
| fixed length control field | 250724b cb ||||| |||| 00| 0 eng d |
| 020 ## - INTERNATIONAL STANDARD BOOK NUMBER | |
| International Standard Book Number | 9781590140406 |
| 040 ## - CATALOGING SOURCE | |
| Original cataloging agency | FISKH |
| Language of cataloging | eng |
| Transcribing agency | FISKH |
| Modifying agency | FISKH |
| 050 ## - LIBRARY OF CONGRESS CALL NUMBER | |
| Classification number | PZ7.D7227 R |
| 082 ## - DEWEY DECIMAL CLASSIFICATION NUMBER | |
| Classification number | 641.8653 |
| 100 ## - MAIN ENTRY--PERSONAL NAME | |
| Personal name | Donovan, Gail |
| 245 ## - TITLE STATEMENT | |
| Title | Rainbow fish & friends : |
| Remainder of title | Ready, set, swim! / |
| Statement of responsibility, etc. | Text by Gail Donovan ; Illustrations by David Austin Clar Studio |
| 250 ## - EDITION STATEMENT | |
| Edition statement | This edition first published in 2002 |
| 260 ## - PUBLICATION, DISTRIBUTION, ETC. | |
| Place of publication, distribution, etc. | New York : |
| Name of publisher, distributor, etc. | Night Sky, |
| Date of publication, distribution, etc. | 2002 |
| 300 ## - PHYSICAL DESCRIPTION | |
| Extent | 15 unnumbered pages : |
| Other physical details | color illustrations ; |
| Dimensions | 21 cm |
| 505 ## - FORMATTED CONTENTS NOTE | |
| Formatted contents note | G<br/> |
| 520 ## - SUMMARY, ETC. | |
| Summary, etc. | Things start out fine when Rainbow Fish and his friends organize an impromptu sports day, but Spike is a sore loser, Puffer is a poor winner, and no one has any fun until Dyna finds a solution.<br/> |
| 521 8# - TARGET AUDIENCE NOTE | |
| Target audience note | 400 estimated<br/> |
| Source | Lexile<br/> |
| 521 8# - TARGET AUDIENCE NOTE | |
| Target audience note | G<br/> |
| Source | Raz-Plus<br/> |
| 650 ## - SUBJECT ADDED ENTRY--TOPICAL TERM | |
| Source of heading or term | Rainbow Fish |
| Topical term or geographic name entry element | Easy Don |
| 650 ## - SUBJECT ADDED ENTRY--TOPICAL TERM | |
| Source of heading or term | Good Sportmanship |
| Topical term or geographic name entry element | Expressing your feelings |
| 700 ## - ADDED ENTRY--PERSONAL NAME | |
| Personal name | Studio, Clar Austin David |
| Dates associated with a name | illustrator |
| 942 ## - ADDED ENTRY ELEMENTS (KOHA) | |
| Source of classification or shelving scheme | Dewey Decimal Classification |
| Koha item type | Books |
| Suppress in OPAC | No |
| Withdrawn status | Lost status | Source of classification or shelving scheme | Damaged status | Not for loan | Collection | Home library | Current library | Shelving location | Date acquired | Total Checkouts | Full call number | Barcode | Date last seen | Copy number | Price effective from | Koha item type | Date last checked out |
|---|---|---|---|---|---|---|---|---|---|---|---|---|---|---|---|---|---|
| Dewey Decimal Classification | Juvenile Fiction | Footprints International School Library Network Toul Tom Poung Campus | Footprints International School Library Network Toul Tom Poung Campus | TTP Primary Dark Blue Bookshelves | 07/24/2025 | DON 641.8653 PZ7.D7227 R | 2025-2813 | 07/24/2025 | 1 | 07/24/2025 | Books | ||||||
| Dewey Decimal Classification | Juvenile Fiction | Footprints International School Library Network Toul Tom Poung Campus | Footprints International School Library Network Toul Tom Poung Campus | TTP Primary Dark Blue Bookshelves | 08/12/2025 | 3 | DON 641.8653 PZ7.D7227 R | FIS02152 | 03/13/2026 | 2 | 08/12/2025 | Books | 02/27/2026 |
